Briefing for a descent into hell /

Na minha lista:
Detalhes bibliográficos
Autor principal: Lessing, Doris May, 1919-
Formato: Livro
Idioma:English
Publicado em: New York : Bantam, 1972,c1971.
Colecção:A Bantam Book
LEADER 00823nam a2200229 a 4500
001 c000057767
003 CARM
005 00000000000000.0
008 r19721971nyu 00011 eng d
019 1 |a 5192678  |5 LACONCORD2021 
035 |a (OCoLC)608900  |5 LACONCORD2021 
040 |a VECD  |c VECD 
100 1 |a Lessing, Doris May,  |d 1919- 
245 1 |a Briefing for a descent into hell /  |c Doris Lessing. 
260 |a New York :  |b Bantam,  |c 1972,c1971. 
300 |a 278 p. ;  |c 18 cm. 
440 2 |a A Bantam Book 
500 |a First published: New York : Khopf, 1971. 
852 8 |b CARM  |h A2:AE33G0  |i A00040  |p 0014884  |f BK 
082 0 4 |a 823.914  |2 19 
999 f f |i b09cb155-241c-51a5-8b01-86c67db8ed54  |s d27dc39f-7d98-57d9-a6b8-3a3757503e69 
952 f f |p Can circulate  |a CAVAL  |b CAVAL  |c CAVAL  |d CARM 1 Store  |e A00040  |f A2:AE33G0  |h Other scheme  |i book  |m 0014884